| 000 | 00694nam a2200241Ia 4500 | ||
|---|---|---|---|
| 003 | OSt | ||
| 005 | 20220928104957.0 | ||
| 006 | a|||||r|||| 00| 0 | ||
| 007 | ta | ||
| 008 | 220927b |||||||| |||| 00| 0 eng d | ||
| 024 | _a59082 | ||
| 037 | _cTextual | ||
| 040 |
_aSDCL _cSDCL _beng |
||
| 041 |
_2eng _aeng |
||
| 082 | _aR631x2,1,3, G0 | ||
| 100 | _aIsvarakrisna | ||
| 245 | 0 |
_aSankhyakarika _b Sankhyatatvakaumudya vibhushita . |
|
| 260 |
_aGaya _bSri Rama Mudrana Yantralaya _c1930 |
||
| 300 |
_a320p. _ccm. |
||
| 700 |
_a Misra Vachaspati Cm. _9413139 |
||
| 942 |
_hR631x2,1,3, G0 _cTEXL _2CC |
||
| 999 |
_c728905 _d728905 |
||